| 000 | 00935nam a22002777a 4500 | ||
|---|---|---|---|
| 003 | CHAP | ||
| 005 | 20220329134838.0 | ||
| 008 | 971013s r 10010 d | ||
| 010 | _a26852 | ||
| 011 | _a27824 | ||
| 035 | _a31925 | ||
| 040 | _cCHAP | ||
| 090 | _aR-1533 | ||
| 111 | 0 | 0 |
_aCongreso Internacional de Riego y Drenaje ( _n7 _d: 1969 _c: México, D. F.) _926798 |
| 245 | _aResúmenes de los informes de los comités de revisión y recomendaciones | ||
| 500 | _aSobretiro de: Ingeniería Hidráulica en México 23(4) : 398-402, 1969 | ||
| 590 |
_aBATCH-UPD _b10 _c20130110 _lUCH01 _h1348 |
||
| 590 |
_aBATCH-UPD _b10 _c20130410 _lUCH01 _h0845 |
||
| 590 |
_aBATCH-UPD _b10 _c20130914 _lUCH01 _h1031 |
||
| 590 |
_aCONVERSION _b10 _c20130109 _lUCH01 _h1315 |
||
| 650 | 1 | 4 |
_aDrenaje _xCongresos. _934197 |
| 650 | 1 | 4 |
_aIrrigación _xCongresos. _960390 |
| 901 | _aBK | ||
| 942 | _cREIMP | ||
| 949 |
_aR-1533 _bBC _cR _d-73965 _eTS1 _i31925 _si |
||
| 999 |
_c26852 _d26852 |
||